Koželužne Bošany sú zatiaľ v strate
História podniku Koželužne Bošany. Hospodárske výsledky firmy. Technologická úroveň. Ekonomická úroveň k 31.12.1995. Súčasné módne smery a situácia na svetovom trhu. Komparatívne výhody a konkurenčný boj.
Guardado en:
| Autor principal: | |
|---|---|
| Formato: | Capítulo de libro |
| Lenguaje: | eslovaco |
| Materias: | |
| Etiquetas: |
Sin Etiquetas, Sea el primero en etiquetar este registro!
|
MARC
| LEADER | 00000naa a2200000 4500 | ||
|---|---|---|---|
| 001 | r021280 | ||
| 005 | 20251104124027.1 | ||
| 041 | 0 | |a slo | |
| 044 | |a SK | ||
| 245 | 1 | 0 | |a Koželužne Bošany sú zatiaľ v strate |c V. Bačišin |
| 520 | |a História podniku Koželužne Bošany. Hospodárske výsledky firmy. Technologická úroveň. Ekonomická úroveň k 31.12.1995. Súčasné módne smery a situácia na svetovom trhu. Komparatívne výhody a konkurenčný boj. | ||
| 610 | 2 | 0 | |a podnikanie |
| 610 | 2 | 0 | |a Koželužne, a.s. Bošany |
| 610 | 2 | 0 | |a podnik výrobný |
| 610 | 2 | 0 | |a výsledok hospodársky |
| 610 | 2 | 0 | |a trh svetový |
| 610 | 2 | 0 | |a výhody komparatívne |
| 610 | 2 | 0 | |a konkurencia |
| 100 | 1 | |a Bačišin, Vladimír | |